Alle hoofdsteden van Nederland op een kaart - Statistieken

Algemene statistieken
  • Deze quiz is 4.224 keer genomen
  • De gemiddelde score is 13 van 19
Antwoorden op de kaart
Antwoorden kleurgecodeerd door een groen-rode schaal op de quizkaart volgens % correct hieronder.
 
Antwoordstatistieken
Type Deel van.. Hoofdplaats % Correct
Land Nederland Amsterdam
98%
Provincie Groningen Groningen
95%
Provincie Zuid-Holland Den Haag
94%
Provincie Utrecht Utrecht
94%
Provincie Limburg Maastricht
88%
Provincie Friesland Leeuwarden
85%
Provincie Flevoland Lelystad
85%
Provincie Noord-Brabant 's-Hertogenbosch
84%
Provincie Noord-Holland Haarlem
82%
Provincie Zeeland Middelburg
81%
Provincie Overijssel Zwolle
81%
Provincie Drenthe Assen
79%
Provincie Gelderland Arnhem
77%
Land Curaçao Willemstad
66%
Land Aruba Oranjestad
37%
Openbaar lichaam Sint Eustatius Oranjestad
37%
Openbaar lichaam Bonaire Kralendijk
21%
Openbaar lichaam Saba The Bottom
17%
Land Sint Maarten Philipsburg
16%
Geen overeenkomende quizzen gevonden
Scoreverdeling
Procent van Mensen met Elke Score
Percentiel versus Aantal Correcte Antwoorden
Uw Scoregeschiedenis
U heeft deze quiz nog niet genomen